000 00716nam a2200241Ia 4500
003 OSt
005 20220927105327.0
006 a|||||r|||| 00| 0
007 ta
008 220926b |||||||| |||| 00| 0 eng d
024 _a184001
037 _cReference Collections
040 _aRTL
_cRTL
_beng
041 _2eng
_aeng
082 _a"X:54, 1hN95, P9"
110 _aCENTRE FOR WTO STUDIES
_9371707
245 0 _a"India, WTO and trade issues"
_b Bi-monthly newsletter of centre for WTO studies.
260 _aNew
_bDelhi The Author
_c2009
300 _a23p
_ccm.
700 _aCENTRE FOR WTO STUDIES
_9371708
942 _h"X:54, 1hN95, P9"
_cCC
999 _c691855
_d691855